LEADER 01451nam a2200337 a 4500 001 000000168252 003 CaOOAMICUS 005 20180614111759.0 008 180614s2017 it u000 u ita r 020 $a978-88-311-4958-7* 032 $aLibriCat 040 $aPUL$bita 082 04$a264 245 02$aL'anno liturgico :$banno della misericordia del Signore /$cPietro Sorci (ed.) 260 $aRoma :$bCittà Nuova,$c©2017$a[Palermo] :$bFacoltà teologia di Sicilia 300 $a337 p. ;$c21 cm. 490 1 $aHo theológos ;$v09 504 $aBibliografia in nota. 610 24$aChiesa cattolica$xLiturgia.$0(OLS)http://pul/subject/10100 650 4$aLiturgia$xStudi.$0(OLS)http://pul/subject/13193 700 1 $aSorci, Pietro.$0(OLS)http://pul/name/63368 830 0$aHo theológos (Città Nuova) ;$v09.$0(OLS)http://pul/title/174244 850 $aPUL 852 $aPUL$W1$xSL Religione 3$y85$m264 SORPI 2$j191788$qDDC 21$B196134$CPULBib$Z2$F196134 $H130992 $81 941 1 $a9 996 $6020$a978-88-311-4958-7*$9(OLS)http://pul/number/164343 996 $6082$a264$9(OLS)http://pul/classification/492 996 $6245$aL'anno liturgico :$banno della misericordia del Signore$9(OLS)http://pul/title/208515 996 $6260$aRoma :$bCittà Nuova$9(OLS)http://pul/publisher/47927 996 $6260$a[Palermo] :$bFacoltà teologia di Sicilia$9(OLS)http://pul/publisher/82641 LEADER 01294nam a2200277 a 4500 001 000000175044 003 CaOOAMICUS 005 20220317150936.0 008 220317s2021 it m 000 u eng r 032 $aLibriCat 040 $aPUL$bita 100 1 $aJose, Sunil.$0(OLS)http://pul/name/112541 245 14$aThe concept of paradigm change in Thomas Kuhn: $bwith a special reference to 'Laudato Sì' /$cSunil Jose. 260 $aRoma :$b[s.n.],$c2021. 300 $a127 p. ;$c24 cm 502 $aEstratto da tesi -- Università Pontificia Salesiana-- Facoltà di filosofia, 2021. 504 $aBibliografia: p. [107]-124. 600 14$aKuhn, Thomas Samuel,$d1922-1996$xFilosofia.$0(OLS)http://pul/subject/36824 610 24$aPapi (2013-2025 : Franciscus)$tLaudato si'.$0(OLS)http://pul/subject/42712 710 2 $aPontificia Università Salesiana.$bFacoltà di filosofia.$kTesi.$0(OLS)http://pul/name/105164 850 $aPUL 852 $aPUL$W1$xDP1 Tesi Pon. Univ. Salesiana$y46$m2021 A 2$j198688$qTesi$B204020$CPULBib$Z2$F204020 $82 941 1 $a16 996 $6245$aThe concept of paradigm change in Thomas Kuhn: $bwith a special reference to 'Laudato Sì'$9(OLS)http://pul/title/216452 996 $6260$aRoma :$b[s.n.]$9(OLS)http://pul/publisher/47958